000 00546nam a2200169 i 4500
001 74576
003 ES-MaACL
005 20230906172157.0
007 t|
008 040920m19571958sp ||||1| spa d
100 1 _aGonzález López, Ramiro.
_958766
245 1 0 _aGuía turística de Zaragoza /
_cbajo la dirección de su autor Ramiro González López.
260 _aZaragoza :
_b[s.n.,
_c1957-58] (
_fG. San Francisco)
300 _a214 p. ;
_c20 cm.
651 4 _aZaragoza-
_vGuías turísticas.
_9155395
852 _aES-MaACL
_jC-14473
_bR.41106
999 _c74576
_d74576